000 00718nam a2200229 a 4500
001 093307
003 BD-ChCU
005 20230204170213.0
008 0000s2016 aii b 002 eng
020 _a978 81 89765 16 3
040 _aDLC
_cDLC
_dBD-ChCU
082 0 0 _a677.02835/M689
100 1 _aEiri Board of Consultants & Enginners.
_c
245 1 0 _aModern technology of bleaching, dyeing, printing and finishing of textiles.
_c
_cEiri Board of Consultants & Engineers.
250 _aed.
260 _aDelhi
_cEngineers Index research institute.
_c
300 _a331pg
504 _aIncludes index and bibliography.
650 _aTextile chemistry
_cTextile Chemisty
700 _a
942 _2ddc
_cBK
999 _c93307
_d93307